| 000 | 00528nam a2200157 i 4500 | ||
|---|---|---|---|
| 001 | 93204 | ||
| 003 | ES-MaACL | ||
| 007 | t| | ||
| 008 | 050408s1982 sp ||||1| spa d | ||
| 100 | 1 |
_aLope Huerta, Arsenio. _973278 |
|
| 245 | 1 | 0 |
_aLeyendas y refranes complutenses / _cpor Arsenio E. Lope Huerta, M. Vicente Sánchez Moltó. |
| 260 |
_aMadrid : _bDiputación Provincial de Madrid, _c1982. |
||
| 300 |
_a198 p.con 20 lám. ; _c22 cm. |
||
| 700 | 1 |
_aSánchez Moltó, M. Vicente. _9102788 |
|
| 852 |
_aES-MaACL _jL-6966 _bR.107925 |
||
| 999 |
_c93204 _d93204 |
||